000 01862nam0a22003851 4500
001 rc\2127972
005 20260408023009.0
035 _a(NLR Aleph) 006512046
090 _a6340612
_c6340612
100 _a20110829d1978 |||y0rusy50 ca
101 1 _arus
_crum
102 _aRU
105 _aa b |||||
200 1 _aГрафика Румынии
_eШтефан Гэвеня, Василе Добриан, Эмилия Думитреску, Ала Жаля, Михай Мику, Мирча Олариан, Ион Панайтеску, Ион Унч
_eКаталог выставки
_e[Пер. с рум.]
_fАвт. вступ. статьи: Мирча Гровдя - искусствовед
210 _aМосква
_cСов. художник
_d1978
215 _a[22] с.
_cил.
_d21
300 _aВ надзаг.: Союз художников СССР, Союз художников СРР
300 _aПосвящается 34-й годовщине освобождения Румынии от фашист. господства
606 _aРумынская графика
_xВыставки
_yМосква
_z20 в.
_z1978
_2psbo
702 1 _aМику
_bМ.
_gМихай
_4040
702 1 _aУнч
_bИ.
_gИон
_4040
702 1 _aПанайтеску
_bИ.
_gИон
_4040
702 1 _aОлариан
_bМ.
_gМирча
_4040
702 1 _aДумитреску
_bЭ.
_gЭмилия
_4040
702 1 _aГровдя
_bМ.
_gМирча
_4080
702 1 _aЖаля
_bА.
_gАла
_4040
702 1 _aДобриан
_bВ.
_gВасиле
_4040
702 1 _aГэвеня
_bШ.
_gШтефан
_4040
710 1 2 _a"Графика Румынии", выставка
_f1978
_eМосква
_3RU\NLR\AUTH\8810183450
_9863659
801 0 _aRU
_bNLR
_gpsbo
801 1 _aRU
_bELAR
_2rusmarc
852 _aNLR
_bЭ
_jКМ821/1978
942 _cBOOK
980 _aNB